International financial reporting : (Record no. 15163)
[ view plain ]
| 000 -LEADER | |
|---|---|
| fixed length control field | 01034nam a2200289 a 4500 |
| 001 - CONTROL NUMBER | |
| control field | 15163 |
| 003 - CONTROL NUMBER IDENTIFIER | |
| rucl marc code | BD-RjUL |
| 005 - DATE AND TIME OF LATEST TRANSACTION | |
| control field | 20211208235749.0 |
| 008 - FIXED-LENGTH DATA ELEMENTS--GENERAL INFORMATION | |
| fixed length control field | 140209s1984 enk 00000 eng d |
| 020 ## - INTERNATIONAL STANDARD BOOK NUMBER | |
| International Standard Book Number | 0333373022 : |
| 035 ## - SYSTEM CONTROL NUMBER | |
| System control number | (BD-RjUL)15217 |
| System control number | (BD-RjUL) |
| 040 ## - CATALOGING SOURCE | |
| Modifying agency | WCX |
| -- | BD-RjUL |
| Original cataloging agency | BD-RjUL |
| Language of cataloging | eng |
| Transcribing agency | BD-RjUL |
| 041 ## - LANGUAGE CODE | |
| Language code of text/sound track or separate title | eng |
| 082 0# - DEWEY DECIMAL CLASSIFICATION NUMBER | |
| Classification number | 657.3 |
| Edition number | 19 |
| Author mark and year | INT |
| 245 00 - TITLE STATEMENT | |
| Title | International financial reporting : |
| Remainder of title | a comparative international survey of accounting requirements and practices in 30 countries / |
| Statement of responsibility, etc. | edited by S.J. Gray, L.G. Campbell, J.C. Shaw. |
| 260 0# - PUBLICATION, DISTRIBUTION, ETC. (IMPRINT) | |
| Place of publication, distribution, etc. | Basingstoke [England] : |
| Name of publisher, distributor, etc. | Macmillan, |
| Date of publication, distribution, etc. | 1984. |
| 300 ## - PHYSICAL DESCRIPTION | |
| Pagination | 584 p. ; |
| Size | 31 cm. |
| 500 ## - GENERAL NOTE | |
| General note | Companies. Financial statements. - Comparative studies (BNB/PRECIS) |
| 650 #0 - SUBJECT ADDED ENTRY--TOPICAL TERM | |
| Topical term or geographic name as entry element | Financial statements. |
| 9 (RLIN) | 47176 |
| Topical term or geographic name as entry element | Comparative accounting. |
| 9 (RLIN) | 46946 |
| 700 10 - ADDED ENTRY--PERSONAL NAME | |
| Personal name | Gray, S. J. |
| Fuller form of name | (Sidney J.) |
| Personal name | Campbell, Leslie G., |
| Dates associated with a name | 1955- |
| Personal name | Shaw, J. C. |
| Fuller form of name | (John Calman), |
| Dates associated with a name | 1932- |
| 942 ## - ADDED ENTRY ELEMENTS (KOHA) | |
| Source of classification or shelving scheme | Dewey Decimal Classification |
| Koha item type | Books |
| Lost status | Source of classification or shelving scheme | Damaged status | Not for loan | Collection code | Permanent Location | Current Location | Shelving location | Date acquired | Source of acquisition | Cost, normal purchase price | Total Checkouts | Full call number | Date last seen | Copy number | Koha item type |
|---|---|---|---|---|---|---|---|---|---|---|---|---|---|---|---|
| Dewey Decimal Classification | Not For Loan | Non-fiction | Central Library, University of Rajshahi | Central Library, University of Rajshahi | Reading Room | 02/10/1988 | I.D.A Credit | 50.00 | 657.3 INT 1984 | 09/02/2014 | C-1 | Books |